Örök szépség

Fejtón. [Autor zatiaľ nedešifrovaný.]

Podrobná bibliografia
Médium: Článok
Jazyk:Hungarian
Témy:
Zdroj: 1. Homonna és Vidéke : Vegyes tartalmu közmüvelődési, szépirodalmi és közgazdasági hetilap 1. Roč. 11, č. 46 (19.11.1911) s. 1 a 2
LEADER 00809nab#a2200301#ar4500
001 000071256
003 SVKKK
005 20010202xxxxxxx.
008 06 c xo huno
FMT
038 |a SVKKK 
040 |a SVKKK  |b slo  |e AACR2 
041 0 |a hun 
044 |a xo  |c SK 
080 |a 894.511(437.6)-9 
242 1 0 |a Večná kráska 
245 0 0 |a Örök szépség 
500 |a mikrofilm 
520 2 |a Fejtón. [Autor zatiaľ nedešifrovaný.] 
650 0 4 |a fejtóny - literatúra maďarská - texty 
773 0 |t Homonna és Vidéke : Vegyes tartalmu közmüvelődési, szépirodalmi és közgazdasági hetilap  |g Roč. 11, č. 46 (19.11.1911) s. 1 a 2 
957 |a Humenné [?] 
958 |a DG 
958 |a SK 
974 |a Ba  |d 20010202 
992 |a RBX 
BAS
998 |a RETRO